Handbook of the Economics of Art and Culture /
Guardado en:
| Autor principal: | |
|---|---|
| Otros autores: | |
| Formato: | Libro |
| Idioma: | Inglés |
| Publicado: |
Amsterdam, Holanda :
North-Holland : Elsevier,
2013, c2013
|
| Colección: | (Handbooks in Economics ;
2) |
| Temas: | |
| Acceso en línea: | Ver documento en línea |
| Etiquetas: |
Sin etiquetas, Sé el primero en etiquetar este registro!
|
MARC
| LEADER | 00000nam^a2200000^a^4500 | ||
|---|---|---|---|
| 001 | 000400329 | ||
| 005 | 20251023000000.0 | ||
| 009 | 20260310121617.232 | ||
| 020 | |a 978-0-444-53777-5 | ||
| 037 | |a Acervo ITESO - Biblioteca | ||
| 041 | |a ING | ||
| 082 | |a 306. 4 |b GIN | ||
| 100 | |a Ginsburgh, Victor A. |e (edición) | ||
| 245 | 1 | 0 | |a Handbook of the Economics of Art and Culture / |c Ed. de V.A. Ginsburgh, D. Throsby. |
| 264 | 4 | |a Amsterdam, Holanda : |b North-Holland : |b Elsevier, |c 2013, c2013 | |
| 264 | 2 | |a Birmingham, EUA : |b EBSCOhost [distribución], |c 2013 | |
| 300 | |a 1 libro electrónico en línea (XVI, 688 p.) | ||
| 300 | |a 1 recurso en línea | ||
| 336 | |a datos para computadora |b cod |2 rdacontenido | ||
| 337 | |a computadora |b c |2 rdamedio | ||
| 338 | |a recurso en línea |b cr |2 rdasoporte | ||
| 440 | 1 | |a (Handbooks in Economics ; |v 2) | |
| 506 | 1 | |a 3 licencias | |
| 521 | |a Peticiones 2018 | ||
| 649 | |a XX | ||
| 650 | |a Consumo y Oferta Cultural | ||
| 650 | |a Industria Cultural | ||
| 650 | |a Cultura - |x Aspectos Económicos - |x Tema Principal | ||
| 650 | |a Arte - |x Comercio | ||
| 650 | |a Arte - |x Aspectos Económicos - |x Tema Principal | ||
| 650 | |a Arte y Sociedad | ||
| 650 | |a Economía | ||
| 650 | |a Sociología de la Cultura | ||
| 700 | |a Throsby, David |e (edición) | ||
| 856 | 4 | 0 | |u https://ezproxy.iteso.mx/login?url=https://search.ebscohost.com/login.aspx?direct=true&scope=site&db=nlebk&db=nlabk&AN=486185 |y Ver documento en línea |
| 910 | |a Fondo General | ||
| 920 | |a Electrónicos - Libros en Línea | ||
| 930 | |a Plataforma Digital | ||
| 905 | |a 205 | ||
| 901 | |a 400329-1 |b IT2 |c EBO |i C1369 |u 20250521 | ||
| 901 | |a 400329-2 |b IT2 |c EBO |i C1369 |u 20250521 | ||
| 901 | |a 400329-3 |b IT2 |c EBO |i C1369 |u 20250521 | ||
| 902 | |a https://opac.biblio.iteso.mx/vufind/Record/000400329 | ||